<?xml version="1.0" encoding="UTF-8"?>
<record
    xmlns:xsi="http://www.w3.org/2001/XMLSchema-instance"
    xsi:schemaLocation="http://www.loc.gov/MARC21/slim http://www.loc.gov/standards/marcxml/schema/MARC21slim.xsd"
    xmlns="http://www.loc.gov/MARC21/slim">

  <leader>01049cam a2200289 a 4500</leader>
  <controlfield tag="001">000019003</controlfield>
  <controlfield tag="003">UkOxU</controlfield>
  <controlfield tag="005">20200929165912.0</controlfield>
  <controlfield tag="008">860101s1969    ec a          000 0 spa d</controlfield>
  <datafield tag="040" ind1=" " ind2=" ">
    <subfield code="a">DO-SdBNP</subfield>
    <subfield code="b">spa</subfield>
    <subfield code="c">EEM</subfield>
    <subfield code="d">BNPHU</subfield>
  </datafield>
  <datafield tag="082" ind1=" " ind2=" ">
    <subfield code="a">986.602</subfield>
    <subfield code="b">G643h</subfield>
  </datafield>
  <datafield tag="100" ind1="1" ind2=" ">
    <subfield code="a">Gonz&#xE1;lez Su&#xE1;rez, Federico,</subfield>
    <subfield code="d">1844-1917.</subfield>
    <subfield code="9">4687</subfield>
  </datafield>
  <datafield tag="245" ind1="1" ind2="0">
    <subfield code="a">Historia general de la Rep&#xFA;blica del Ecuador /</subfield>
    <subfield code="c">Federico Gonz&#xE1;lez Su&#xE1;rez ; introducci&#xF3;n de Hern&#xE1;n Rodr&#xED;guez Castelo.</subfield>
  </datafield>
  <datafield tag="250" ind1=" " ind2=" ">
    <subfield code="a">2a ed.</subfield>
  </datafield>
  <datafield tag="260" ind1=" " ind2=" ">
    <subfield code="a">Quito, Ecuador :</subfield>
    <subfield code="b">Casa de la Cultura Ecuatoriana,</subfield>
    <subfield code="c">[1969].</subfield>
  </datafield>
  <datafield tag="300" ind1=" " ind2=" ">
    <subfield code="a">v. :</subfield>
    <subfield code="b">il. ;</subfield>
    <subfield code="c">18 cm.</subfield>
  </datafield>
  <datafield tag="490" ind1="1" ind2=" ">
    <subfield code="a">Cl&#xE1;sicos Ariel</subfield>
    <subfield code="v">58</subfield>
  </datafield>
  <datafield tag="500" ind1=" " ind2=" ">
    <subfield code="a">Reimpresi&#xF3;n de la edici&#xF3;n 1890-1903</subfield>
  </datafield>
  <datafield tag="500" ind1=" " ind2=" ">
    <subfield code="a">La biblioteca posee el tomo VII</subfield>
  </datafield>
  <datafield tag="651" ind1=" " ind2="4">
    <subfield code="a">Ecuador</subfield>
    <subfield code="x">Historia</subfield>
    <subfield code="9">4781</subfield>
  </datafield>
  <datafield tag="650" ind1=" " ind2="4">
    <subfield code="a">Ecuador</subfield>
    <subfield code="x">Historia</subfield>
    <subfield code="x">Colonia</subfield>
    <subfield code="y">1534-1809</subfield>
    <subfield code="9">40885</subfield>
  </datafield>
  <datafield tag="650" ind1=" " ind2="4">
    <subfield code="a">Arqueolog&#xED;a</subfield>
    <subfield code="x">Historia</subfield>
    <subfield code="z">Ecuador</subfield>
    <subfield code="9">40886</subfield>
  </datafield>
  <datafield tag="700" ind1="1" ind2=" ">
    <subfield code="a">Rodr&#xED;guez Castelo, Hern&#xE1;n</subfield>
    <subfield code="e">intr.</subfield>
    <subfield code="9">4689</subfield>
  </datafield>
  <datafield tag="830" ind1=" " ind2="0">
    <subfield code="a">Cl&#xE1;sicos Ariel ;</subfield>
    <subfield code="v">58</subfield>
    <subfield code="9">3125</subfield>
  </datafield>
  <datafield tag="910" ind1=" " ind2=" ">
    <subfield code="a">Catalogaci&#xF3;n derivada /Oxford</subfield>
  </datafield>
  <datafield tag="049" ind1=" " ind2=" ">
    <subfield code="a">BNGR</subfield>
  </datafield>
  <datafield tag="952" ind1=" " ind2=" ">
    <subfield code="0">0</subfield>
    <subfield code="1">0</subfield>
    <subfield code="5">4</subfield>
    <subfield code="7">0</subfield>
    <subfield code="8">MO</subfield>
    <subfield code="a">GR</subfield>
    <subfield code="b">GR</subfield>
    <subfield code="c">CT</subfield>
    <subfield code="d">2010-05-21</subfield>
    <subfield code="i">LF1</subfield>
    <subfield code="l">0</subfield>
    <subfield code="o">986.602 G643h</subfield>
    <subfield code="p">19003-10</subfield>
    <subfield code="r">2020-06-25</subfield>
    <subfield code="w">2020-06-25</subfield>
    <subfield code="y">4</subfield>
    <subfield code="Z">Pr&#xE9;stamo en sala</subfield>
  </datafield>
  <datafield tag="999" ind1=" " ind2=" ">
    <subfield code="c">18521</subfield>
    <subfield code="d">18521</subfield>
  </datafield>
</record>
